[Event "Rheinland-ch H1"]
[Site "Mainz Laubenheim"]
[Date "2002.03.29"]
[Round "5.2"]
[White "Fuehrer, Michael"]
[Black "Muessig, Frank"]
[Result "1-0"]
[WhiteElo "1868"]
[BlackElo "1872"]
[PlyCount "81"]
[EventDate "2002.03.23"]
[EventType "swiss"]
[EventRounds "7"]
[EventCountry "GER"]
[SourceTitle "EXT 2003"]
[Source "ChessBase"]
[SourceDate "2002.11.25"]
[SourceVersion "1"]
[SourceVersionDate "2002.11.25"]
[SourceQuality "1"]

1. e4 Nf6 2. d3 e5 3. f4 d6 4. Nf3 Nc6 5. Be3 Be7 6. Be2 0-0 7. 0-0 d5 8. fxe5 Ng4 9. Bf4 dxe4 10. Ng5 Qd4+ 11. Kh1 Nf2+ 12. Rxf2 Qxf2 13. Bg3 Qf5 14. Nxe4 Nxe5 15. Nbc3 c6 16. d4 Ng6 17. Qd2 Be6 18. Rf1 Qa5 19. a3 Rad8 20. Qe3 Rfe8 21. Bd3 Qb6 22. Qc1 Qxd4 23. Bf2 Qe5 24. Bxa7 Qh5 25. Bb6 Rd7 26. Ng3 Qh4 27. Nce4 Bd8 28. Be3 Bd5 29. Nf5 Qh5 30. Neg3 Qh3 31. Rf2 Nh4 32. Kg1 Qg4 33. Rf4 Nf3+ 34. gxf3 Qg6 35. Ne7+ Rdxe7 36. Bxg6 Rxe3 37. Be4 Bb6 38. Kg2 Bc4 39. Bxh7+ Kxh7 40. Rxc4 Bc7 41. Re4 1-0

[Event "Rheinland-ch H1"]
[Site "Mainz Laubenheim"]
[Date "2002.03.24"]
[Round "4.4"]
[White "Muessig, Frank"]
[Black "Korb, Markus"]
[Result "1/2-1/2"]
[WhiteElo "1872"]
[BlackElo "1808"]
[PlyCount "122"]
[EventDate "2002.03.23"]
[EventType "swiss"]
[EventRounds "7"]
[EventCountry "GER"]
[SourceTitle "EXT 2003"]
[Source "ChessBase"]
[SourceDate "2002.11.25"]
[SourceVersion "1"]
[SourceVersionDate "2002.11.25"]
[SourceQuality "1"]

1. d4 d5 2. Nf3 Nf6 3. c4 e6 4. Nc3 c6 5. Bg5 Nbd7 6. e3 Qa5 7. Bxf6 Nxf6 8. Nd2 Bb4 9. Qc2 0-0 10. Be2 Re8 11. 0-0 Bxc3 12. bxc3 e5 13. dxe5 Rxe5 14. Nf3 Bf5 15. Qb3 Re7 16. Rfd1 Ne4 17. Rac1 dxc4 18. Bxc4 Bg4 19. Qb4 Qc7 20. Be2 Rae8 21. h3 Bh5 22. Qa3 Nxf2 23. Kxf2 Rxe3 24. Rc2 Bxf3 25. Bxf3 Qf4 26. Qd6 Qf5 27. Rdd2 R3e6 28. Re2 g6 29. Qd4 h5 30. Rcd2 c5 31. Rxe6 Qxe6 32. Qe4 Qxe4 33. Bxe4 Rxe4 34. Rd7 Ra4 35. Rxb7 Rxa2+ 36. Kf3 Ra3 37. Kf4 Rxc3 38. Rxa7 Kg7 39. Rc7 Rc1 40. h4 c4 41. Kg3 c3 42. Kh2 c2 43. g3 Kf6 44. Kg2 Ke5 45. Rc4 f6 46. Rc8 g5 47. hxg5 fxg5 48. Rc7 g4 49. Rc8 h4 50. gxh4 g3 51. Rc3 Kd5 52. Rc7 Kd6 53. Rc8 Kd7 54. Rc4 Ke7 55. Rc5 Kf6 56. h5 Kg7 57. Rc3 Kh6 58. Rc5 Kh7 59. Rc6 Kg7 60. Rc3 Kh6 61. Rc5 Kh7 1/2-1/2

[Event "Rheinland-ch H1"]
[Site "Mainz Laubenheim"]
[Date "2002.03.23"]
[Round "2.5"]
[White "Muessig, Frank"]
[Black "Richtscheid, Jens"]
[Result "1/2-1/2"]
[WhiteElo "1872"]
[BlackElo "1743"]
[PlyCount "69"]
[EventDate "2002.03.23"]
[EventType "swiss"]
[EventRounds "7"]
[EventCountry "GER"]
[SourceTitle "EXT 2003"]
[Source "ChessBase"]
[SourceDate "2002.11.25"]
[SourceVersion "1"]
[SourceVersionDate "2002.11.25"]
[SourceQuality "1"]

1. Nf3 Nf6 2. b3 c5 3. c4 e6 4. g3 b6 5. Bg2 Bb7 6. 0-0 Be7 7. d3 0-0 8. Bb2 d5 9. e3 Nc6 10. Qe2 Qc7 11. Nbd2 a5 12. Rac1 Rfd8 13. Rfd1 e5 14. cxd5 Nxd5 15. Nc4 Bf6 16. h4 a4 17. Ng5 axb3 18. axb3 Ba6 19. Qh5 h6 20. Ne4 Rac8 21. Qe2 Be7 22. Bh3 Ra8 23. Ra1 Bxc4 24. dxc4 Ndb4 25. Nc3 Na5 26. Qf3 Rxd1+ 27. Rxd1 Rd8 28. Nd5 Nxd5 29. Rxd5 Rxd5 30. Qxd5 Nxb3 31. Bxe5 Qd8 32. Bg2 Bf6 33. Bd6 Be7 34. Be5 Bf6 35. Bd6 1/2-1/2

[Event "ESC 4#0008 email"]
[Site "ESC email"]
[Date "2000.09.11"]
[Round "?"]
[White "Muessig, Frank"]
[Black "Schoemig, Anton"]
[Result "1-0"]
[WhiteElo "1000"]
[BlackElo "1078"]
[PlyCount "49"]
[EventDate "2000.07.02"]
[EventType "tourn (corr)"]
[EventRounds "6"]
[SourceTitle "Corr 2004"]
[Source "ChessBase"]
[SourceDate "2003.04.28"]
[SourceVersion "3"]
[SourceVersionDate "2003.04.28"]
[SourceQuality "1"]

1. d4 Nf6 2. c4 g6 3. Nc3 Bg7 4. e4 d6 5. Nf3 0-0 6. Be2 e5 7. d5 Nbd7 8. Bg5 h6 9. Bh4 g5 10. Bg3 Nh5 11. h4 g4 12. Nh2 f5 13. exf5 Nxg3 14. fxg3 Nc5 15. Nxg4 Bxf5 16. 0-0 Qe7 17. Qd2 Bxg4 18. Bxg4 Rxf1+ 19. Rxf1 Rf8 20. Rxf8+ Bxf8 21. b4 Nd7 22. Qd3 Bg7 23. Qf5 Nb6 24. a4 Qf6 25. Qh5 1-0

[Event "ESC 4#0008 email"]
[Site "ESC email"]
[Date "2000.08.08"]
[Round "?"]
[White "Muessig, Frank"]
[Black "Jentschenko, Peter"]
[Result "1-0"]
[WhiteElo "1000"]
[BlackElo "1000"]
[PlyCount "37"]
[EventDate "2000.07.02"]
[EventType "tourn (corr)"]
[EventRounds "6"]
[SourceTitle "Corr 2004"]
[Source "ChessBase"]
[SourceDate "2003.04.28"]
[SourceVersion "3"]
[SourceVersionDate "2003.04.28"]
[SourceQuality "1"]

1. d4 d5 2. c4 c6 3. Nf3 Nf6 4. Nc3 e6 5. cxd5 cxd5 6. Bf4 Bb4 7. Qa4+ Nc6 8. e3 Bxc3+ 9. bxc3 0-0 10. Bb5 Bd7 11. Be2 Ne5 12. Qb3 Nxf3+ 13. Bxf3 b6 14. 0-0 h6 15. c4 dxc4 16. Qxc4 Rc8 17. Qa6 Bc6 18. Bxc6 Rxc6 19. Qxa7 1-0

[Event "ESC 4#0008 email"]
[Site "ESC email"]
[Date "2000.08.03"]
[Round "?"]
[White "Jentschenko, Peter"]
[Black "Muessig, Frank"]
[Result "0-1"]
[WhiteElo "1000"]
[BlackElo "1000"]
[PlyCount "32"]
[EventDate "2000.07.02"]
[EventType "tourn (corr)"]
[EventRounds "6"]
[SourceTitle "Corr 2004"]
[Source "ChessBase"]
[SourceDate "2003.04.28"]
[SourceVersion "3"]
[SourceVersionDate "2003.04.28"]
[SourceQuality "1"]

1. d4 Nf6 2. c4 e6 3. Nc3 Bb4 4. e3 c5 5. a3 Bxc3+ 6. bxc3 0-0 7. Nf3 d6 8. Bd3 Nc6 9. 0-0 e5 10. d5 Ne7 11. e4 Ng6 12. Bg5 h6 13. Bxf6 Qxf6 14. Rb1 Rb8 15. Qa4 Nf4 16. Ne1 Bh3 0-1